000 00477nam a2200145Ia 4500
008 151213s9999 xx 000 0 und d
100 _aআব্দুস সোবহান।
245 _aপ্রসঙ্গিক - অপ্রাসঙ্গিক।
_cআব্দুস সোবহান।
260 _aঢাকা
_c1995
300 _a8791 p.
650 _aBangla
650 _aগল্প
700 _aআব্দুস সোবহান।
999 _c4576
_d4576